Detalles MARC
| 000 -LEADER |
| fixed length control field |
02415cmm a2200253 a 4500 |
| 003 - CONTROL NUMBER IDENTIFIER |
| control field |
OSt |
| 005 - DATE AND TIME OF LATEST TRANSACTION |
| control field |
20210812151437.0 |
| 008 - FIXED-LENGTH DATA ELEMENTS--GENERAL INFORMATION |
| fixed length control field |
070924s2007 ck ad r 000 0 spa d |
| 020 ## - INTERNATIONAL STANDARD BOOK NUMBER |
| International Standard Book Number |
9789589040638 |
| 040 ## - CATALOGING SOURCE |
| Original cataloging agency |
CO-BoPUJ |
| Transcribing agency |
CO-JMCR |
| 041 0# - LANGUAGE CODE |
| Language code of text/sound track or separate title |
spa |
| 082 04 - DEWEY DECIMAL CLASSIFICATION NUMBER |
| Classification number |
332.3 / |
| Item number |
A761b |
| Edition number |
23 |
| 110 2# - MAIN ENTRY--CORPORATE NAME |
| Corporate name or jurisdiction name as entry element |
Colombia. |
| Subordinate unit |
Asociación Bancaria y de entidades Financieras de Colombia. |
| 9 (RLIN) |
39351 |
| 245 10 - TITLE STATEMENT |
| Title |
Banca para pymes : |
| Remainder of title |
motor de crecimiento / |
| Statement of responsibility, etc. |
Asociación Bancaria y de entidades Financieras de Colombia |
| 260 ## - PUBLICATION, DISTRIBUTION, ETC. |
| Place of publication, distribution, etc. |
Bogotá : |
| Name of publisher, distributor, etc. |
Asociación Bancaria y de Entidades Financieras de Colombia, |
| Date of publication, distribution, etc. |
2007. |
| 300 ## - PHYSICAL DESCRIPTION |
| Extent |
218 páginas : |
| Other physical details |
ilustraciones, diagramas, gráficas, mapas y tablas a color ; |
| Dimensions |
28 cm. |
| 504 ## - BIBLIOGRAPHY, ETC. NOTE |
| Bibliography, etc. note |
Incluye referencias bibliográficas. |
| 505 0# - FORMATTED CONTENTS NOTE |
| Title |
"Crecer en el segmento de las pymes requiere creatividad e innovación". / <br/><br/> |
| Statement of responsibility |
Patricia Cárdenas Santa María. -- |
| Title |
La agenda interna para el impulso de las pymes en Colombia. / <br/><br/> |
| Statement of responsibility |
Juan Alfredo Pinto. -- |
| Title |
Las pymes y su agenda de competitividad global. / |
| Statement of responsibility |
Germán Ríos. -- |
| Title |
¿Qué tan preparadas están las pymes para el tlc?. / |
| Statement of responsibility |
Sergio Clavijo. -- |
| Title |
Nuevo producto de leasing del fng y su potencial en Colombia. /<br/> |
| Statement of responsibility |
Juan Carlos Durán. -- |
| Title |
Competitividad y problemas de acceso al crédito de las pyme. /<br/><br/> |
| Statement of responsibility |
Juan José Llisteri. -- |
| Title |
Segmentación de riesgo y pricing de crédito: Uso de la información en beneficio de las pymes. / |
| Statement of responsibility |
Julio César Álvarez. -- <br/> |
| Title |
Financiación de la modernización de las pymes: los retos de bancóldex. / |
| Statement of responsibility |
Gustavo Ardila Latiff. -- |
| Title |
Estado actual y perspectivas del proyecto de cadenas productivas nafin - caf. / |
| Statement of responsibility |
Remigio Álvarez. -- |
| Title |
Nuevos modelos transaccionales y medios de pago innovadores para la pyme. / |
| Statement of responsibility |
Allen Cueli. -- |
| Title |
Asociatividad y modelos de apoyo a la internacionalización de las pymes. / |
| Statement of responsibility |
Paolo Galloni. -- |
| Title |
Una experiencia asociativa exitosa. /<br/><br/> |
| Statement of responsibility |
René Cavanzo. -- |
| Title |
Cómo crecer en el segmento pymes con creatividad. / |
| Statement of responsibility |
Jaime Pizarro. -- |
| Title |
Servicios financieros integrales para las pymes: la experiencia mexicana. / <br/><br/> |
| Statement of responsibility |
Roberto Martínez. -- |
| 650 14 - SUBJECT ADDED ENTRY--TOPICAL TERM |
| Topical term or geographic name entry element |
Pequeña y mediana empresa |
| General subdivision |
Financiación |
| Geographic subdivision |
Colombia |
| 9 (RLIN) |
39352 |
| 650 24 - SUBJECT ADDED ENTRY--TOPICAL TERM |
| Topical term or geographic name entry element |
Economía informal |
| 9 (RLIN) |
5835 |
| 650 24 - SUBJECT ADDED ENTRY--TOPICAL TERM |
| Topical term or geographic name entry element |
Financiación |
| Geographic subdivision |
Colombia |
| 9 (RLIN) |
38533 |
| 942 ## - ADDED ENTRY ELEMENTS (KOHA) |
| Source of classification or shelving scheme |
Dewey Decimal Classification |
| Koha item type |
Books |